• 首页
  • 本馆介绍
  • 公告通知
  • 最新文献
  • 馆藏检索
  • 电子资源
  • 读者导购
  • 参考咨询
  • 我的图书馆
  • 登录
  • 详细信息显示
  • 放入我的书架
  • 预约/预借图书
  • 作者相关作品
  • 分类相关作品
  • 丛书相关作品
  • 出版社相关作品

书目信息

  • 表格格式
  • 工作单格式
  • 卡片格式
题名:
河北食品药品安全研究报告
    
 
作者: 丁锦霞 主编
分册: 2017  
出版信息: 北京   社会科学文献出版社  2017.10
页数: 292页
开本: 24cm
丛书名:
单 册:
中图分类: TS201.6 , R954
科图分类:
主题词: 食品安全--安全管理--研究报告--河北--2017 , 药品管理--安全管理--研究报告--河北--2017
电子资源:
ISBN: 978-7-5201-1560-5
000 01150nam0 2200253 450
001 1108
005 20180929082233.21
010    @a978-7-5201-1560-5@dCNY79.00
100    @a20171222d2017 em y0chiy50 ea
101 0  @achi@deng@eeng
102    @aCN@b110000
105    @ay z 000yy
200 1  @a河北食品药品安全研究报告@9he bei shi pin yao pin an quan yan jiu bao gao@h2017@dAnnual report on food and drug safety of Hebei@h2017@f丁锦霞主编@zeng
210    @a北京@c社会科学文献出版社@d2017.10
215    @a292页@d24cm
330    @a本书主要分总报告、分报告和专题报告3个部分,以食品安全内容为主。本书系统分析了河北省食品药品相关行业以及食品从“地头”到“餐桌”主要环节的质量安全状况,全面展示了河北省食品药品安全的总体发展情况,为科学评估当前食品药品安全形势、研究探寻今后发展路径提供了翔实的理论依据。
510 1  @aAnnual report on food and drug safety of Hebei@h2017@zeng
606 0  @a食品安全@x安全管理@x研究报告@y河北@z2017
606 0  @a药品管理@x安全管理@x研究报告@y河北@z2017
690    @aTS201.6@v5
690    @aR954@v5
701  0 @a丁锦霞@9ding jin xia@4主编
801  0 @aCN@b91MARC@c20171222
905    @aMuseLib@dTS201.6@e276(2017)
    
    河北食品药品安全研究报告.2017=Annual report on food and drug safety of Hebei.2017/丁锦霞主编.-北京:社会科学文献出版社,2017.10
    292页;24cm
    
    
    ISBN 978-7-5201-1560-5:CNY79.00
    本书主要分总报告、分报告和专题报告3个部分,以食品安全内容为主。本书系统分析了河北省食品药品相关行业以及食品从“地头”到“餐桌”主要环节的质量安全状况,全面展示了河北省食品药品安全的总体发展情况,为科学评估当前食品药品安全形势、研究探寻今后发展路径提供了翔实的理论依据。
●
相关链接 在E读中查询图书 在五车中查询图书 在当当中查询图书 在豆瓣中查询图书


正题名:河北食品药品安全研究报告     索取号:TS201.6/276(2017)         预约/预借

序号 登录号 条形码 馆藏地/架位号 状态 备注
1 1121204   211212043   第二样本阅览室/ [索取号:TS201.6/276(2017)] 在馆    
2 1121205   211212052   第三借阅区/ [索取号:TS201.6/276(2017)] 在馆    
3 1121206   211212061   第三借阅区/ [索取号:TS201.6/276(2017)] 在馆    
4 1121207   211212070   第三借阅区/ [索取号:TS201.6/276(2017)] 在馆    
5 1121208   211212089   第三借阅区/ [索取号:TS201.6/276(2017)] 在馆    
唐山师范学院图书馆 欢迎您!
大连网信软件有限公司© 版权所有